Concepts of business management / (Record no. 4290)
[ view plain ]
| 000 -LEADER | |
|---|---|
| fixed length control field | 00553nam a2200193 ar4500 |
| 001 - CONTROL NUMBER | |
| control field | 4292 |
| 005 - DATE AND TIME OF LATEST TRANSACTION | |
| control field | 20221127090915.0 |
| 008 - FIXED-LENGTH DATA ELEMENTS--GENERAL INFORMATION | |
| fixed length control field | 150805s su a 00010 eng d |
| 020 ## - INTERNATIONAL STANDARD BOOK NUMBER | |
| Terms of availability | 9789960581156(pbk) |
| 082 04 - DEWEY DECIMAL CLASSIFICATION NUMBER | |
| Classification number | 658 |
| Item number | K526 2007 |
| 100 1# - MAIN ENTRY--PERSONAL NAME | |
| Personal name | Khader, Jameel Ahmad. |
| 245 10 - TITLE STATEMENT | |
| Title | Concepts of business management / |
| Statement of responsibility, etc. | Jameel Khader. |
| 250 ## - EDITION STATEMENT | |
| Edition statement | 1st ed. |
| 260 ## - PUBLICATION, DISTRIBUTION, ETC. | |
| Place of publication, distribution, etc. | Al Ahsa, Saudi Arabia : |
| Name of publisher, distributor, etc. | Kifah P. Press, |
| Date of publication, distribution, etc. | 2007. |
| 300 ## - PHYSICAL DESCRIPTION | |
| Extent | xix, 341 p. : |
| Other physical details | ill. ; |
| Dimensions | 24 cm. |
| 504 ## - BIBLIOGRAPHY, ETC. NOTE | |
| Bibliography, etc. note | Includes bibl. references. |
| 650 #4 - SUBJECT ADDED ENTRY--TOPICAL TERM | |
| Topical term or geographic name entry element | Business. |
| 650 #4 - SUBJECT ADDED ENTRY--TOPICAL TERM | |
| Topical term or geographic name entry element | Management. |
| Withdrawn status | Lost status | Source of classification or shelving scheme | Damaged status | Not for loan | Home library | Current library | Date acquired | Total Checkouts | Full call number | Barcode | Date last seen | Copy number | Price effective from | Koha item type |
|---|---|---|---|---|---|---|---|---|---|---|---|---|---|---|
| 11/27/2022 | 658 K526 2007 | 10000000013807 | 11/27/2022 | C1 | 11/27/2022 | Book |
